Inseminación artificial.

Experiencias en granjas francesas con inseminación artificial.

Guardado en:
Formato: Deslizar
Materias:
Etiquetas: Agregar Etiqueta
Sin Etiquetas, Sea el primero en etiquetar este registro!
LEADER 00626ngm a22001815g 4500
001 CEM.cems021511
008 130507b1992##################0###0#####d
005 20240827133729.0
245 0 0 |a Inseminación artificial. 
300 |a 10 
500 |a En soporte VHS, consultar en ventanilla. 
538 |a Soporte: VHS - Norma: Pal N - Color - Grabación Drd 1992 - Hitachi=0000 
520 |a Experiencias en granjas francesas con inseminación artificial. 
082 5 9 |/ ESP 
653 |a INSEMINACIÓN ARTIFICIAL 
653 |a GANADERÍA 
653 |a ZOOLOGÍA 
859 |a CEMS  |b BIB. CEMS - Depto. Recursos Didacticos  |h 590  |i ESP  |k DRD  |p 154.12  |t Ej.1